000 01072nam a22003017i 4500
003 DO-SdBNP
005 20240417101344.0
007 ta
008 230509b2022 dr a|||| |||| 00| 0 spa d
020 _a9789945510287
040 _aDO-SdBNP
_bspa
_cBNPHU
_erda
082 4 _aRD861.44
_bS237v 2022
_222
100 1 _aSantos, Danilo de los,
_d1943-2018
_910278
245 1 0 _aVersos de manus /
_cDanilo de los Santos ; edición y prólogo Fernando Cabrera ; corrección Clara Dobarro
264 _aSanto Domingo :
_bNacional,
_c2022.
300 _a173 páginas ;
_c23 cm.
336 _2rdacontent
_atexto
_btxt
337 _2rdamedia
_asin mediación
_bn
338 _2rdacarrier
_avolumen
_bnc
500 _aIncluye datos biografícos del autor en las solapas.
590 _aInventariado, 2023/BT
650 4 _aPoesía dominicana
_980417
650 0 _aLiteratura dominicana
_980471
700 1 _aCabrera, Fernando,
_eedición y prólogo
_934503
700 1 _aDobarro, Clara,
_ecorrección
_934619
910 _aBtavárez/Validado. Control de calidad MFF
942 _2ddc
_cLBS1
999 _c53451
_d53451